Cash flow forecasting

Gespeichert in:
Bibliographische Detailangaben
Format: Buch
Sprache:Undetermined
Veröffentlicht: Boston, MA. Elsevier 2006
Schlagworte:
Tags: Tag hinzufügen
Keine Tags, Fügen Sie den ersten Tag hinzu!
Thư viện lưu trữ: Trung tâm Học liệu Trường Đại học Cần Thơ
LEADER 00466nam a2200181Ia 4500
001 CTU_117895
008 210402s9999 xx 000 0 und d
020 |c 44.05 
082 |a 658.152 
082 |b C339 
245 0 |a Cash flow forecasting 
245 0 |c Edited by Andrew Fight 
260 |a Boston, MA. 
260 |b Elsevier 
260 |c 2006 
650 |a cash management,cash flow 
904 |i Minh 
980 |a Trung tâm Học liệu Trường Đại học Cần Thơ